MDQL
is popping MORE tags! Check the
thread
!
Quizzes
Events
Quiz Creation
Community
Videos
Private Events
Remove Ads
Sign In
Join for FREE
Feedback
Dark Mode
Quiz Categories
Sports
Geography
Music
Movies
Television
Just For Fun
Miscellaneous
History
Literature
Language
Science
Gaming
Entertainment
Religion
Holiday
For Kids
Quiz Lab
Recent
Popular Today
Quiz Kudos Today
Editor Picks
Curator Picks
Quizzes by...
Day
Popularity
Type
Ratings
Length
Year
Community
Subscriptions
Recent Discussions
Orange Saloon
Badges
Playlists
Quests
Create
Leaderboards
Showdown
Live 5
Trivia Bingo
Activity
Puzzle Library
Sporcle Events
Private Events
Virtual Trivia
Globe League
Become a Host
Pub Owners
SporcleCon
Opinionation
Our Games
Videos
Blog
Mobile Apps
Partnerships
Remove Ads and Go Orange
Feedback
Sports
Athletes
MLB
NBA
NHL
NFL
Soccer
Sports Teams
WWE
NCAA
Football
Premier League
Basketball
Baseball
Hockey
Golf
Tennis
Cricket
Rugby
Auto Racing
Olympics
World Cup
Sports
Athletes
MLB
NBA
NHL
NFL
Soccer
Sports Teams
WWE
NCAA
Football
Premier League
Basketball
Baseball
Hockey
Golf
Tennis
Cricket
Rugby
Auto Racing
Olympics
World Cup
Random Quiz
Search Sporcle
×
Quiz Lab
Quiz Lab
Sports
NHL
Type in answers that appear in a list
Type in answers that appear in a list
Classic
Best Score? Go Orange.
Can You Name the 70+ Assist NHL Seasons? Stats
Can you name the Can You Name the 70+ Assist NHL Seasons??
By
popcultureref
10m
50 Questions
1,564 Plays
1,564 Plays
1,564 Plays
Comments
Comments
Give Quiz Kudos
Give Quiz Kudos
-
- Ratings
hide this ad
More Info
Replay
Link that replays current quiz
Next Quiz
Link to next quiz in quiz playlist
You Got
0%
They Got
Avg Score
60%
Avg Friend Score
Upgrade to see
Score Distribution
Jump to the score distribution portion of the page
Score
0/50
Timer
10:00
0
Plays Today
Years Accomplished
Name
% Correct
1980-
1997
Wayne Gretzky
99.1%
1986-
1997
Mario Lemieux
94.3%
1970-
1975
Bobby Orr
89.2%
2007-
2009
Sidney Crosby
89.1%
1987-
1992
Mark Messier
86.4%
2006-
2007
Joe Thornton
86.3%
1989-
1993
Steve Yzerman
85%
1996-
1999
Jaromir Jagr
83.5%
1984-
1993
Paul Coffey
83.3%
1990-
1994
Adam Oates
83.2%
1978-
1984
Bryan Trottier
78.4%
1969-
1974
Phil Esposito
77.3%
1987-
1994
Raymond Bourque
76.6%
1977-
1980
Guy Lafleur
75.9%
2009
Evgeni Malkin
74.8%
1975-
1985
Marcel Dionne
74.5%
1993-
1996
Ron Francis
74.5%
1996-
2003
Peter Forsberg
72.3%
1982-
1988
Denis Savard
70.7%
2007
Marc Savard
70.6%
1975-
1976
Bobby Clarke
70.1%
1982
Mike Bossy
68.8%
1993
Pat Lafontaine
67%
2007-
2010
Henrik Sedin
65.2%
1991-
1996
Brian Leetch
64.9%
Years Accomplished
Name
% Correct
1993-
1994
Doug Gilmour
64.5%
1991-
1993
Mark Recchi
62.9%
1979
Denis Potvin
62.9%
1981-
1986
Peter Stastny
62.2%
1985-
1993
Dale Hawerchuk
62.2%
1991
Al MacInnis
61.3%
1989-
1990
Bernie Nicholls
56.7%
1993
Pierre Turgeon
56.7%
1993
Phil Housley
54.2%
1978
Darryl Sittler
44.4%
2006
Jason Spezza
43%
1981-
1985
Bernie Federko
42.6%
1982
Bobby Smith
39.9%
1982
Dennis Maruk
39.7%
1981
Kent Nilsson
38.4%
1993
Craig Janney
38.3%
1996
Doug Weight
38.2%
1975-
1976
Pete Mahovlich
35.4%
1994
Sergei Zubov
33.7%
1988
Gary Suter
30%
1993
Joe Juneau
27.9%
1986
Neal Broten
27.2%
1991
John Cullen
20.7%
1984
Barry Pederson
20.4%
1979
Bob MacMillan
12%
Quiz Playlist
Details
Report
Send in Message
Add To Playlist
More Info:
Note: The years indicate when the first 70+ season occurred to when the last 70+ season occurred.
Classic:
Type in answers that appear in a list
Quiz Source
Last Updated: Nov 23, 2018
Quiz Scoreboard
CHALLENGE
Sign Up to Join the Scoreboard
Show All
Scores
Hide
Comments
May contain spoilers
Recently Published
Holiday 10x10 Sorting Gallery
by lukepisani3
Holiday
15m
Two Season TV Shows II
by 123Four
Television
10m
Image Sorting: Flags VI
by Barbecue
Geography
2m
More to Explore
Quiz From the Vault
Featured Blog Post
14 Easter Pick-up Lines to Find Eggs With
hide this ad
You Might Also Like...
Tags
NHL Quiz
Accomplishment
amount
assist
Player
season
team
Today's Top Quizzes in Sports
Browse Sports
hide this ad
Today's Top Quizzes in NHL
Browse NHL
Top Contributed Quizzes in Sports
1
Les meilleurs buteurs des matchs entre le PSG et l’OM
2
Les entraîneurs de l'OM et du PSG au 21e siècle
3
2022 World Cup Stars
4
Players with Multiple 50 Home Run Seasons
5
Les joueurs passés par le PSG et l'OM
6
FIFA Club World Cup Champions
7
Top 10 NHL Goal Scorers of All Time
8
Criteria MLB: Left Handed Sluggers
9
Les joueurs passés par le LOSC et le RC Lens
10
2023 MLB Unique Player Accomplishments
Explore More
Trending Topics
Anime
Kpop
NBA
Marvel
Harry Potter
Crossword
Disney
Pokémon
Country
Song
NFL
Puzzle
The Office
Soccer
WWE
hide this ad
More By:
popcultureref
Quiz
Plays
Rating
Category
Featured
Created
NHL Top Goalies in Games Played (00s)
5,835
4.52
Sports
Nov 13, 2009
Greatest NHL Players by the Numbers
2,963
3.40
Sports
Oct 12, 2009
Can You Name the 70+ Assist NHL Seasons?
1,564
4.64
Sports
Mar 15, 2010
NHL: Most Goals Scored (2000s)
973
4.50
Sports
Mar 16, 2010
Go to Creator's Profile
Score Distribution
Quiz Creator Spotlight
popcultureref
Follow
Send a Message
Quizzes Created
-
Created Quiz Play Count
-
More By This Creator
Popular Quizzes Today
1
Find the US States - No Outlines Minefield
2
Colored Red Africa Blitz
3
Find the 'City' Movie
4
The Countries of the World
5
Find the US States
6
5x2 Blitz: Bands
7
Find the Countries of Europe - No Outlines Minefield
8
US States
More Sports Quizzes
Unique Letter NHL Teams
Published
Trending Quizzes
Colored Red Europe Blitz I
Colored Red Europe Blitz II
Colored Red Africa Blitz II
Colored Red Africa Blitz III
Colored Red Europe Blitz III
Recently Updated
Odd Team Out - Big 4 Players
pecheneg
Quick Pick: 20 Twenties
pecheneg
March Madness Men's Triple Doubles
pecheneg
How Do You Spell That?
pecheneg
Godzilla Movies
pecheneg
Grab Bag: 4-10 Letters
pecheneg
2024 March Madness Bracket
pecheneg
Famous TV Couples
Peacemaker
Champions League XIs: Real Madrid
pecheneg
Largest US Cities 1790-2010
pecheneg
Trending Topics
Kpop
Harry Potter
Marvel
Disney
Anime
NBA
Crossword
Country
Soccer
NFL
The Office
Song
Pokémon
Puzzle
WWE
Your Account Isn't Verified!
In order to create a playlist on Sporcle, you need to verify the email address you used during registration. Go to your
Sporcle Settings
to finish the process.
Report this User
Report this user for behavior that violates our
Community Guidelines
.
Details:
Send Report
Go to the Sporcle.com Mobile Site →
Comments